000 01413cam a2200133 4500500
005 20251214005326.0
041 _afre
042 _adc
100 1 0 _aSégaud, Marion
_eauthor
245 0 0 _aAnthropologie de l'espace : Habiter, fonder, distribuer, transformer
260 _bArmand Colin,
_c2010.
520 _aDans nos sociétés de la mobilité et de la mondialisation, comment rendre compte de la dimension culturelle des territoires et de la complexité des espaces ? Les déterminants anthropologiques sont souvent oubliés, mais ils n’ont pas disparu : nos espaces quotidiens restent empreints de règles, obéissent à des conventions et répondent à des valeurs, le plus souvent implicites. D’où l’intérêt de cette synthèse et réflexion sur les formes et les usages de l’espace. Si toutes les sociétés ont en commun de fonder, habiter, classer, distribuer, transformer et reformuler, elles le font toutefois de diverses manières. Selon quelles logiques et avec quels enjeux ? Cette 2e édition, enrichie de nouvelles illustrations, développe plus largement la question de la représentation de l'espace. Les étudiants, chercheurs et professionnels trouveront ici une ressource privilégiée pour appréhender de façon globale tous les défis de la spatialité.
856 4 1 _uhttps://shs.cairn.info/anthropologie-de-l-espace--9782200248154?lang=fr&redirect-ssocas=7080
999 _c1568775
_d1568775